| 000 | 00384nam a2200145Ia 4500 | ||
|---|---|---|---|
| 008 | 230917s9999||||xx |||||||||||||| ||und|| | ||
| 040 |
_e38883 _aMAIN |
||
| 041 | _aEnglish | ||
| 082 | _a658.15 K959C | ||
| 100 | _aKulkarni, P V | ||
| 245 | 0 | _aCorporation finance: Principles and problems | |
| 260 |
_aBombay _bHimalaya Publishing House _c1987 |
||
| 300 | _axvi, 1518 p. | ||
| 942 | _cBK | ||
| 999 |
_c59381 _d59381 |
||